A Cezanne sketchbook : figures, portraits, landscapes and still lifes
Αποθηκεύτηκε σε:
| Κύριος συγγραφέας: | |
|---|---|
| Μορφή: | Βιβλίο |
| Γλώσσα: | English |
| Δημοσίευση: |
New York :
Dover Publications,
1985.
|
| Θέματα: | |
| Ετικέτες: |
Προσθήκη ετικέτας
Δεν υπάρχουν, Καταχωρήστε ετικέτα πρώτοι!
|
MARC
| LEADER | 00000cam a2200000 i 4500 | ||
|---|---|---|---|
| 001 | 1/67463 | ||
| 008 | 041202s1985 nyu| ||| |||| ||eng|| | ||
| 020 | |a 0486247902 | ||
| 035 | |l 10075592 | ||
| 040 | |a GR-MyUa |b gre |e AACR2 | ||
| 041 | 0 | |a eng | |
| 082 | 7 | |a 700.92 |2 (21) | |
| 100 | 1 | |a Cezanne, Paul, |d 1839-1906. | |
| 245 | 1 | 2 | |a A Cezanne sketchbook : |b figures, portraits, landscapes and still lifes / |c by Paul Cezanne. |
| 260 | |a New York : |b Dover Publications, |c 1985. | ||
| 300 | |a 34, [103] σ. με σχέδια : |b εικ. ; |c 16 Χ 23 εκ. | ||
| 500 | |a Στο verso της σελίδας τίτλου: "Slightly corrected republication of the work originally published in two volumes by Curt Valentin, New York, in 1951 under title ... Sketch book, owned by the Art Institute of Chicago". | ||
| 600 | 1 | 0 | |a Cezanne, Paul, |d 1839-1906. |
| 852 | |a INST |b SYROS |e 20041202 |h 700.92 CEZ |p 005500003805 |q 005500003805 |t BK |y 0 | ||
| 901 | |a BIBL5-2004-3 | ||
| 920 | |a ΔΙΕΥΡΥΝΣΗ |b ΕΠΕΑΕΚ-ΤΜΣΠΣ |y Σύρος |z 2004-10 | ||
| 970 | |a Τσουκαλά |b Αλίκη |z 03/12/2004 | ||